000 00347nam a2200133Ia 4500
008 191201s2008 xx 000 0 und d
082 _a004.256
_bUFF
100 _aUFFENBECK, John
245 4 _aThe 8086/8088 Family Design Programming and Interfacing
260 _aN. Delhi
_bPHI
_c2008
300 _a630
650 _aB.Tech(ECE)
942 _2ddc
_cBK
999 _c3548
_d3548